Adapting to climate change (Record no. 105656)

MARC details
000 -LEADER
fixed length control field 01420cam a2200229 4500
001 - CONTROL NUMBER
control field ##L134355
008 - FIXED-LENGTH DATA ELEMENTS--GENERAL INFORMATION
fixed length control field 060728n2006 000 0 eng u
020 ## - INTERNATIONAL STANDARD BOOK NUMBER
International Standard Book Number 1852618825
035 ## - SYSTEM CONTROL NUMBER
System control number (Sirsi) u134355
041 0# - LANGUAGE CODE
Language code of text/sound track or separate title eng
050 04 - LIBRARY OF CONGRESS CALL NUMBER
Classification number 551.52 $2 18
110 2# - MAIN ENTRY--CORPORATE NAME
Corporate name or jurisdiction name as entry element Acclimatise
9 (RLIN) 4994
245 00 - TITLE STATEMENT
Title Adapting to climate change
Remainder of title lessons for London
260 ## - PUBLICATION, DISTRIBUTION, ETC.
Place of publication, distribution, etc. London
Name of publisher, distributor, etc. GLA
Date of publication, distribution, etc. 2006
520 ## - SUMMARY, ETC.
Summary, etc. Looks at cities across the world that are presently dealing with climatic conditions that London could experience in years to come. Outlines the London Climate Change Partnership's view of the applicability to London of the policies and measures adopted in other cities and makes recommendations based on the analysis of the 18 city case studies presented. It highlights the need for city-wide planning, driving opportunities for climate-proofing new development through the planning system and the challenge of retrofitting climate adaptation measures to existing buildings. It also identifies where green building design features can provide a win-win solution to aspects of climate change.
590 ## - LOCAL NOTE (RLIN)
Local note IKA010806 NTK
651 #4 - SUBJECT ADDED ENTRY--GEOGRAPHIC NAME
Geographic name LONDON
690 ## - LOCAL SUBJECT ADDED ENTRY--TOPICAL TERM (OCLC, RLIN)
Topical term or geographic name as entry element ENVIRONMENTAL AND LAND CONSULTANCY-ENVIRONMENTAL MANAGEMENT
710 2# - ADDED ENTRY--CORPORATE NAME
Corporate name or jurisdiction name as entry element London Climate Change Partnership
9 (RLIN) 4995
856 40 - ELECTRONIC LOCATION AND ACCESS
Uniform Resource Identifier <a href="https://www.london.gov.uk/view_press_release.jsp?releaseid=8666 ">https://www.london.gov.uk/view_press_release.jsp?releaseid=8666 </a>
Public note View the report free of charge at www.london.gov.uk...
942 ## - ADDED ENTRY ELEMENTS (KOHA)
Suppress in OPAC 0
Holdings
Withdrawn status Lost status Source of classification or shelving scheme Damaged status Not for loan Home library Current library Shelving location Date acquired Total Checkouts Full call number Barcode Date last seen Copy number Price effective from Koha item type
    Dewey Decimal Classification     Virtual Virtual Online 28/07/2006   ONLINE PUBLICATION 134355-2001 06/08/2019 1 06/08/2019 Book